[Event "OlliY Jubilee"]
[Site "SchemingMind.com"]
[Date "2021.03.24"]
[Round "-"]
[White "David Connolly"]
[Black "Thomas Jacob Kelly"]
[Result "1-0"]
[WhiteCountry "WLS"]
[BlackCountry "USA"]
[WhiteElo "1983"]
[WhiteRD "64"]
[BlackElo "1759"]
[BlackRD "70"]
[GameID "709825"]

1. d4 g6 2. c4 Nf6 3. Nf3 d6 4. g3 Bg7 5. Bg2 O-O 6. O-O Nc6 7. Nc3 a6 8. d5 Na5 9. Nd2 b6 10. Rb1 c5
11. b3 Nh5 12. Qc2 f5 13. f4 Bd4+ 14. Kh1 Ra7 15. Nf3 Ng7 16. Nxd4 cxd4 17. Nd1 Bb7 18. b4 e5 19. bxa5 bxa5 20. e3 Qc7
21. fxe5 dxe5 22. exd4 e4 23. Bf4 Qc8 24. Ne3
1-0

[Event "OlliY Jubilee"]
[Site "SchemingMind.com"]
[Date "2021.03.24"]
[Round "-"]
[White "Thomas Jacob Kelly"]
[Black "David Connolly"]
[Result "0-1"]
[WhiteCountry "USA"]
[BlackCountry "WLS"]
[WhiteElo "1759"]
[WhiteRD "70"]
[BlackElo "1983"]
[BlackRD "64"]
[GameID "709826"]

1. e4 c5 2. b4 cxb4 3. d4 d5 4. e5 Nc6 5. Bb2 Bf5 6. g4 Be4 7. f3 Bg6 8. h4 h6 9. Ne2 e6 10. h5 Bh7
11. Nf4 Be7 12. Ng2 Rc8 13. Bd3 Bxd3 14. Qxd3 Qb6 15. Nd2 Na5 16. O-O-O Nc4 17. Nxc4 dxc4 18. Qe4 c3 19. Ba1 Qc6 20. Kb1 Bd8
21. Rhe1 Ne7 22. Nf4 Qxe4 23. fxe4 Nc6 24. Re3 Bg5 25. Rf3 Rd8 26. Ne2 Nxe5
0-1

[Event "OlliY Jubilee"]
[Site "SchemingMind.com"]
[Date "2021.04.12"]
[Round "-"]
[White "Robert Hatfield"]
[Black "Derek Price"]
[Result "0-1"]
[WhiteCountry "USA"]
[BlackCountry "ENG"]
[WhiteElo "1815"]
[WhiteRD "57"]
[BlackElo "2188"]
[BlackRD "68"]
[GameID "710549"]

1. c4 e5 2. g3 Nf6 3. Bg2 c6 4. d4 exd4 5. Qxd4 d5 6. cxd5 cxd5 7. Nf3 Nc6 8. Qa4 Bc5 9. O-O O-O 10. Bg5 h6
11. Bxf6 Qxf6 12. Nc3 Be6 13. e3 a6 14. Rad1 Rfd8 15. Qc2 Rac8 16. Qe2 b5 17. a3 Bb6 18. b4 Qxc3
0-1

[Event "OlliY Jubilee"]
[Site "SchemingMind.com"]
[Date "2021.04.11"]
[Round "-"]
[White "Derek Price"]
[Black "Robert Hatfield"]
[Result "1-0"]
[WhiteCountry "ENG"]
[BlackCountry "USA"]
[WhiteElo "2188"]
[WhiteRD "68"]
[BlackElo "1815"]
[BlackRD "57"]
[GameID "710550"]

1. c4 e5 2. Nc3 Nf6 3. g3 Nc6 4. Bg2 Bc5 5. e3 O-O 6. Nge2 h6 7. O-O a6 8. d4 Ba7 9. d5 Ne7 10. d6 Ng6
11. b4 cxd6 12. Qxd6 Bb8 13. Qd3 d6 14. Bb2 Bc7 15. a3 Rb8 16. Ne4 Nxe4 17. Bxe4 Ne7 18. Rfd1 b6 19. Rac1 Bb7 20. Bxb7 Rxb7
21. Nc3 Rb8 22. Ne4 Ng6 23. Nxd6 Bxd6 24. Qxd6 Qg5 25. Rd5 Rfd8 26. Qc7 Rdc8 27. Bxe5 Rd8 28. Bxg7 Kxg7 29. Rxg5
1-0

[Event "OlliY Jubilee"]
[Site "SchemingMind.com"]
[Date "2021.04.17"]
[Round "-"]
[White "Rooksac"]
[Black "cnile"]
[Result "1-0"]
[WhiteCountry "USA"]
[BlackCountry "SCO"]
[WhiteElo "2023"]
[WhiteRD "159"]
[BlackElo "1428"]
[BlackRD "66"]
[GameID "710661"]

1. e4 e5 2. Nf3 Nc6 3. Bb5 a6 4. Ba4 Nf6 5. O-O b5 6. Bb3 Be7 7. a4 bxa4 8. Bxa4 Bb7 9. d3 O-O 10. Bxc6 Bxc6
11. Nxe5 Bb7 12. c4 d6 13. Nf3 Rb8 14. Nc3 Re8 15. Ra2 c6 16. d4 d5 17. exd5 cxd5 18. c5 Qc7 19. Ne2 Ne4 20. Bf4 Qd7
21. Bxb8 Rxb8 22. Ne5 Qf5 23. b4 Qe6 24. f3 Nf6 25. Re1 Bc8 26. Nf4 Qf5 27. Nc6 Rb7 28. Nxe7+
1-0

[Event "OlliY Jubilee"]
[Site "SchemingMind.com"]
[Date "2021.04.16"]
[Round "-"]
[White "cnile"]
[Black "Rooksac"]
[Result "0-1"]
[WhiteCountry "SCO"]
[BlackCountry "USA"]
[WhiteElo "1428"]
[WhiteRD "66"]
[BlackElo "2023"]
[BlackRD "159"]
[GameID "710662"]

1. e4 e5 2. Nf3 Nc6 3. Bb5 f5 4. Nc3 fxe4 5. Nxe4 Nf6 6. Nxf6+ Qxf6 7. O-O Be7 8. d3 h6 9. Bc4 d6 10. c3 Bf5
11. Bd2 O-O-O 12. Be3 d5 13. Bb5 Bg4 14. h3 Bxf3 15. Qxf3 Qxf3 16. gxf3 Rhf8 17. Kg2 Rd6 18. Rad1 d4 19. cxd4 exd4 20. Bd2 Rg6+
21. Kh2 Rxf3 22. a3 Bd6+ 23. Kh1 Rxh3#
0-1

[Event "OlliY Jubilee"]
[Site "SchemingMind.com"]
[Date "2021.04.18"]
[Round "-"]
[White "Rubén Pulido "]
[Black "Kenny Elliott"]
[Result "1-0"]
[WhiteCountry "CUB"]
[BlackCountry "USA"]
[WhiteElo "2507"]
[WhiteRD "68"]
[BlackElo "1553"]
[BlackRD "61"]
[GameID "710759"]

1. e4 c5 2. Nf3 d6 3. d4 cxd4 4. Nxd4 e5 5. Bb5+ Bd7 6. Bxd7+ Nxd7 7. Nf5 Nc5 8. Nc3 g6 9. Ne3 Bg7 10. Ned5 Qd7
11. Be3 Ne7 12. Nxe7 Qxe7 13. Qd2 O-O 14. O-O-O Rad8 15. f3 Qe6 16. g4 Na4 17. Nxa4 Qxa2 18. Qb4 a6 19. Nc3 Qe6 20. Qxb7 a5
21. Qd5 Qd7 22. Kb1 Qc7 23. Rd3 Rfe8 24. Nb5 Qb8 25. Ba7 Qxa7 26. Nxa7 Ra8 27. Nc6 a4 28. Qxd6 Bf8 29. Qd5 Re6 30. Ne7+ Bxe7
31. Qxa8+ Kg7 32. Qxa4
1-0

[Event "OlliY Jubilee"]
[Site "SchemingMind.com"]
[Date "2021.04.18"]
[Round "-"]
[White "Kenny Elliott"]
[Black "Rubén Pulido "]
[Result "0-1"]
[WhiteCountry "USA"]
[BlackCountry "CUB"]
[WhiteElo "1595"]
[WhiteRD "62"]
[BlackElo "2478"]
[BlackRD "79"]
[GameID "710760"]

1. d4 Nf6 2. c4 e6 3. Nf3 d5 4. e3 b6 5. cxd5 exd5 6. Be2 Bd6 7. O-O O-O 8. Nc3 Bb7 9. Re1 Nbd7 10. Bd3 Ne4
11. Nd2 Bxh2+ 12. Kh1 Qh4 13. Bxe4 Bg3+ 14. Kg1 Bxf2+ 15. Kf1 Ba6+ 16. Ne2 Bxe3 17. Nf3 Qf2#
0-1

[Event "OlliY Jubilee"]
[Site "SchemingMind.com"]
[Date "2021.04.19"]
[Round "-"]
[White "ray winteringham"]
[Black "maro"]
[Result "1-0"]
[WhiteCountry "ENG"]
[BlackCountry "MEX"]
[WhiteElo "1463"]
[WhiteRD "49"]
[BlackElo "1363"]
[BlackRD "62"]
[GameID "710773"]

1. e4 e5 2. Bc4 Nf6 3. d3 h6 4. f4 exf4 5. Bxf4 Bc5 6. Nc3 d6 7. h3 Nc6 8. Nf3 Nh5 9. Qd2 Nd4 10. a3 g5
11. Bh2 Nxf3+ 12. gxf3 Bxh3 13. Bxd6 Bxd6 14. Rxh3 Nf4 15. Rh1 Bc5 16. O-O-O c6 17. d4 Bb6 18. d5 cxd5 19. Bb5+ Kf8 20. Nxd5 Nxd5
21. Qxd5 Be3+ 22. Kb1 Qf6 23. Qd6+ Kg7 24. Qxf6+ Kxf6 25. Bc4 Rac8 26. Bb3 Kg6 27. Rd7 Rhf8 28. Rxb7 a5 29. Rd7 h5 30. Rhd1 h4
31. R1d6+ Kg7 32. Be6 Bc5 33. Rd5 Kf6 34. Rxf7+ Rxf7 35. Bxc8 Be3 36. Rxa5 Rc7 37. Rf5+ Kg6 38. Rf8 Kg7 39. Rd8 h3 40. Bxh3 Kg6
41. Rd3 Bf4 42. Bf5+ Kh5 43. b3
1-0

[Event "OlliY Jubilee"]
[Site "SchemingMind.com"]
[Date "2021.04.19"]
[Round "-"]
[White "maro"]
[Black "ray winteringham"]
[Result "0-1"]
[WhiteCountry "MEX"]
[BlackCountry "ENG"]
[WhiteElo "1363"]
[WhiteRD "62"]
[BlackElo "1463"]
[BlackRD "49"]
[GameID "710774"]

1. d4 d5 2. c4 e6 3. c5 c6 4. e3 Nf6 5. Bd3 Be7 6. Nf3 h6 7. Nc3 Nbd7 8. O-O O-O 9. Re1 b6 10. cxb6 axb6
11. e4 dxe4 12. Nxe4 b5 13. b4 Bxb4 14. Bd2 Bxd2 15. Qxd2 Qe7 16. Rec1 Bb7 17. Nc5 Nxc5 18. dxc5 Rfd8 19. Ne5 Rd5 20. f4 Rad8
21. Qe2 Rxc5 22. Rxc5 Qxc5+ 23. Kh1 Qd4 24. Rf1 Qa7 25. h3 Nd5 26. Qe4 Nf6 27. Qf3 Qxa2 28. g4 Qa8 29. Kh2 Rd5 30. g5 hxg5
31. Re1 c5 32. fxg5 Rxe5 33. Qd1 Qa2+ 34. Be2 Rd5 35. Qc1 Ne4 36. Qf4 Nd6 37. g6 fxg6 38. Kg1 Qa7 39. Kh2 c4 40. Rf1 Nf5
41. Bf3 Rd4 42. Qe5 Rd6 43. Kg2 Rd2+ 44. Kh1 Bxf3+ 45. Rxf3 Nd4 46. Rf1 Qa3 47. Kg1 Nf3+
0-1

[Event "OlliY Jubilee"]
[Site "SchemingMind.com"]
[Date "2021.04.21"]
[Round "-"]
[White "LockettJ"]
[Black "Helga1946"]
[Result "0-1"]
[WhiteCountry "ENG"]
[BlackCountry "GER"]
[WhiteElo "1997"]
[WhiteRD "79"]
[BlackElo "2283"]
[BlackRD "74"]
[GameID "710835"]

1. c4 c5 2. Nc3 Nf6 3. g3 Nc6 4. Bg2 e6 5. e4 d5 6. exd5 exd5 7. cxd5 Nb4 8. Nge2 Bf5 9. d3 Nxd3+ 10. Kf1 Qd7
11. h3 Nxc1 12. Rxc1 h6 13. Nf4 O-O-O 14. Nh5 Nxh5 15. Qxh5 Kb8 16. Kg1 Bd6 17. Kh2 Rhe8 18. Rhe1 Bg6 19. Qf3 Qf5 20. Qxf5 Bxf5
21. Be4 Bd7 22. Bf3 Rxe1 23. Rxe1 Re8 24. Rd1 f5 25. Bh5 Re7 26. b3 b5 27. Kg2 g5 28. a4 a6 29. axb5 axb5 30. Bg6 Kc7
31. Bh5 Kb6 32. Ra1 Be5 33. Re1 Kc7 34. Kf3 Kd6 35. Rc1 b4 36. Nd1 g4+ 37. Kg2 Bd4 38. Rc2 Re1 39. Rd2 gxh3+ 40. Kh2 Bb5
41. Bf3 Bf1 42. Nb2 Ra1 43. Na4 Rxa4 44. bxa4 b3 45. Bd1 Bc3
0-1

[Event "OlliY Jubilee"]
[Site "SchemingMind.com"]
[Date "2021.04.21"]
[Round "-"]
[White "Helga1946"]
[Black "LockettJ"]
[Result "1-0"]
[WhiteCountry "GER"]
[BlackCountry "ENG"]
[WhiteElo "2283"]
[WhiteRD "74"]
[BlackElo "1997"]
[BlackRD "79"]
[GameID "710836"]

1. b4 d5 2. Nf3 Bg4 3. Bb2 e6 4. e3 Nf6 5. c4 Nbd7 6. c5 a5 7. a3 axb4 8. axb4 Rxa1 9. Bxa1 Qa8 10. Nc3 Be7
11. Nb5 Qd8 12. Nbd4 O-O 13. Be2 e5 14. h3 Bh5 15. Nf5 e4 16. N3h4 Bxe2 17. Qxe2 c6 18. O-O Ne8 19. Nxe7+ Qxe7 20. Nf5 Qg5
21. Qg4 Qxg4 22. Ne7+ Kh8 23. hxg4 Nc7 24. Nf5 f6 25. g5 Nb5 26. gxf6 gxf6 27. f3 exf3 28. gxf3 Ne5 29. f4 Rg8+ 30. Kf2 Nd7
31. Nh6 Rg6 32. Nf7+ Kg8 33. Nd8 Rh6 34. Nxb7 Rh2+ 35. Kf3 Rxd2 36. Nd8 Na7 37. Bd4 Ra2 38. Rh1 Kg7 39. Kg4 Kg6 40. Rg1 Nb5
41. Kf3+ Kf5 42. Nxc6 Ra6 43. Ne7+ Ke6 44. Rg7 Ne5+ 45. Bxe5 fxe5 46. f5+ Kf6 47. Rxh7
1-0

[Event "OlliY Jubilee"]
[Site "SchemingMind.com"]
[Date "2021.05.01"]
[Round "-"]
[White "Transcendent"]
[Black "Olli Ylönen"]
[Result "1-0"]
[WhiteCountry "ENG"]
[BlackCountry "FIN"]
[WhiteElo "2070"]
[WhiteRD "69"]
[BlackElo "1900"]
[BlackRD "132"]
[GameID "711025"]

1. d4 Nf6 2. c4 g6 3. g3 Bg7 4. Bg2 O-O 5. Nc3 d6 6. Nf3 Nbd7 7. O-O e5 8. e4 c6 9. h3 Qb6 10. Re1 exd4
11. Nxd4 Re8 12. Re2 Qb4 13. Rc2 Nc5 14. Bd2 Qb6 15. Be3
1-0

[Event "OlliY Jubilee"]
[Site "SchemingMind.com"]
[Date "2021.04.28"]
[Round "-"]
[White "kenneth m day"]
[Black "FcoRego"]
[Result "0-1"]
[WhiteCountry "USA"]
[BlackCountry "ESP"]
[WhiteElo "1690"]
[WhiteRD "51"]
[BlackElo "1934"]
[BlackRD "97"]
[GameID "711061"]

1. e4 c5 2. d4 cxd4 3. c3 dxc3 4. Nxc3 Nc6 5. Nf3 d6 6. Bc4 g6 7. Ng5 e6 8. Qf3 Ne5 9. Qe2 Nxc4 10. Qxc4 Be7
11. Nf3 Bd7 12. O-O a6 13. Bf4 b5 14. Qb3 e5 15. Be3 Be6 16. Qd1 h5 17. Rc1 Nf6 18. Re1 O-O 19. Bh6 Re8 20. Ng5 Bg4
21. Qd2 Bf8 22. Bxf8 Kxf8 23. h3 Be6 24. Nxe6+ Rxe6 25. Qh6+ Kg8 26. Re3 Qf8 27. Qg5 Kg7 28. g4 Nh7 29. Qh4 g5 30. Qg3 h4
31. Qf3 Rc8 32. Rd1 Rf6 33. Qe2 Re6 34. Nd5 Nf6 35. Red3 Nxd5 36. Rxd5 Rc6 37. Qf3 Qe7 38. Qf5 Qf6 39. Qxf6+ Kxf6 40. R5d2 Ke7
41. Kf1 Rh6 42. Kg2 Rh8 43. Kf3 Rhc8 44. Ke3 b4 45. a3 bxa3 46. bxa3 Rc3+ 47. Rd3 Rxd3+ 48. Rxd3 Rb8 49. Rc3 Kd7 50. Rd3 Rb2
51. Rc3 Rb1 52. Kf3 a5 53. Rd3 a4 54. Rc3 Rb3
0-1

[Event "OlliY Jubilee"]
[Site "SchemingMind.com"]
[Date "2021.04.27"]
[Round "-"]
[White "FcoRego"]
[Black "kenneth m day"]
[Result "1-0"]
[WhiteCountry "ESP"]
[BlackCountry "USA"]
[WhiteElo "1934"]
[WhiteRD "97"]
[BlackElo "1690"]
[BlackRD "51"]
[GameID "711062"]

1. c4 g6 2. g3 Bg7 3. Bg2 d6 4. Nc3 Nc6 5. e4 Nf6 6. Nge2 O-O 7. O-O Bg4 8. f3 Bd7 9. d4 Ne8 10. Be3 a6
11. Qd2 e5 12. d5 Ne7 13. Bh6 f5 14. Bxg7 Nxg7 15. f4 c6 16. Rad1 cxd5 17. Nxd5 Nxd5 18. Qxd5+ Be6 19. Qd3 Qb6+ 20. Rf2 Rfd8
21. b3 Ne8 22. Qf3 Rac8 23. exf5 Bxf5 24. Qxb7 Qxb7 25. Bxb7 Rb8 26. Bd5+ Kg7 27. fxe5 dxe5 28. Nc3 Nf6 29. Bg2 Rxd1+ 30. Nxd1 Rd8
31. Ne3 Be6 32. Kf1 Rd3 33. Ke2 Rd8 34. Rf1 Rd6 35. Rd1 Rxd1 36. Kxd1 Nd7 37. Bd5 Bxd5 38. Nxd5 Kf7 39. b4 Nb8 40. a4 Ke6
41. Ke2 Kd6 42. Nf6 h6 43. Ne4+ Ke6 44. b5 axb5 45. cxb5 Nd7 46. a5 Nb8 47. a6 Kd7 48. a7
1-0

[Event "OlliY Jubilee"]
[Site "SchemingMind.com"]
[Date "2021.05.08"]
[Round "-"]
[White "John Hamer"]
[Black "Chessibelle"]
[Result "1-0"]
[WhiteCountry "ENG"]
[BlackCountry "ENG"]
[WhiteElo "1873"]
[WhiteRD "67"]
[BlackElo "1111"]
[BlackRD "58"]
[GameID "711334"]

1. e4 e5 2. d4 Bd6 3. Nf3 Nf6 4. dxe5 Be7 5. exf6 Bxf6 6. Bc4 h6 7. O-O O-O 8. e5 Be7 9. Nc3 d6 10. Re1 a6
11. Nd5 Qd7 12. Qd3 b5 13. Bb3 Bb7 14. exd6 Bd8 15. Ne5 Qxd6 16. Bf4 Qc5 17. Nxf7 Bh4 18. Ne7+
1-0

[Event "OlliY Jubilee"]
[Site "SchemingMind.com"]
[Date "2021.05.09"]
[Round "-"]
[White "Chessibelle"]
[Black "John Hamer"]
[Result "0-1"]
[WhiteCountry "ENG"]
[BlackCountry "ENG"]
[WhiteElo "1111"]
[WhiteRD "58"]
[BlackElo "1873"]
[BlackRD "67"]
[GameID "711335"]

1. Nf3 d5 2. d4 Nf6 3. e3 Nc6 4. Nc3 Bf5 5. a3 e6 6. Bd2 Bd6 7. g3 O-O 8. Bg2 Rc8 9. O-O Re8 10. Ng5 Bg6
11. f4 Bh5 12. Bf3 Bg6 13. h3 h6 14. Nxf7 Kxf7 15. Ne2 Qd7 16. Bg2 Ne7 17. c3 c5 18. b4 cxd4 19. Nxd4 Bd3 20. Rf2 Kg8
21. Be1 Bg6 22. g4 Bh7 23. Bf1 Nc6 24. Be2 Kh8 25. Rg2 Nxd4 26. cxd4 g5 27. Bd2 Ne4 28. Be1 Qf7 29. Rh2 Rf8 30. Bf3 Kg7
31. Qc1 Rxc1
0-1

[Event "OlliY Jubilee"]
[Site "SchemingMind.com"]
[Date "2021.05.10"]
[Round "-"]
[White "ramesse"]
[Black "Clive Everill"]
[Result "1-0"]
[WhiteCountry "SVK"]
[BlackCountry "CZE"]
[WhiteElo "2568"]
[WhiteRD "73"]
[BlackElo "1747"]
[BlackRD "60"]
[GameID "711350"]

1. e4 e5 2. Nf3 Nc6 3. Bc4 Bc5 4. c3 Bb6 5. d4 Qe7 6. O-O d6 7. a4 a6 8. d5 Nb8 9. a5 Ba7 10. b4 b5
11. axb6 Bxb6 12. Nbd2 Nf6 13. Re1 Ng4 14. Re2 Nxf2 15. Rxf2 Bxf2+ 16. Kxf2 Bg4 17. h3 Bc8 18. Nf1 O-O 19. Ng3 Bb7 20. Nf5 Qd8
21. Kg1 Nd7 22. Qe1 Qf6 23. Bg5
1-0

[Event "OlliY Jubilee"]
[Site "SchemingMind.com"]
[Date "2021.05.10"]
[Round "-"]
[White "Clive Everill"]
[Black "ramesse"]
[Result "0-1"]
[WhiteCountry "CZE"]
[BlackCountry "SVK"]
[WhiteElo "1747"]
[WhiteRD "60"]
[BlackElo "2568"]
[BlackRD "73"]
[GameID "711351"]

1. Nf3 Nc6 2. d4 d5 3. c4 Bg4 4. Nc3 e6 5. cxd5 exd5 6. Bf4 Bd6 7. Bg3 Nf6 8. e3 Bxg3 9. hxg3 O-O 10. a3 h5
11. Be2 g6 12. Nh4 Re8 13. Qd2 Bxe2 14. Nxe2 Ne4 15. Qc2 Ne7 16. Nf3 Nf5 17. Nf4 c6 18. O-O-O Rc8 19. Kb1 c5 20. Qe2 c4
21. Rc1 c3 22. b3 Qa5 23. Ka2 c2 24. Qe1 Rc3 25. Nd2 Nfd6 26. Nxe4 Nc4 27. a4 Qxa4+
0-1

[Event "OlliY Jubilee"]
[Site "SchemingMind.com"]
[Date "2021.05.16"]
[Round "-"]
[White "JAHI"]
[Black "Aba"]
[Result "1-0"]
[WhiteCountry "INT"]
[BlackCountry "ISR"]
[WhiteElo "2019"]
[WhiteRD "72"]
[BlackElo "1765"]
[BlackRD "73"]
[GameID "711549"]

1. a3 e5 2. d3 d5 3. g3 d4 4. Bg2 c5 5. h3 Nc6 6. h4 Bg4 7. f3 Be6 8. Kf1 Nge7 9. Nh3 f6 10. Kg1 Nf5
11. Kh2 Bd6 12. Rf1 e4 13. Bf4 h6 14. fxe4 Ne3 15. Bxe3 dxe3 16. Nf4 Bg4 17. Nc3 g5 18. Nfd5 Be5 19. Nxe3 Bh5 20. Bf3 Bf7
21. h5 Be6 22. Bg4 Bf7 23. Ncd5 Bxb2 24. Rb1 Bd4 25. Rxb7 Bxd5 26. Nxd5 O-O 27. c3 Be5 28. Qb3 Kh8 29. Bf5
1-0

[Event "OlliY Jubilee"]
[Site "SchemingMind.com"]
[Date "2021.05.16"]
[Round "-"]
[White "Aba"]
[Black "JAHI"]
[Result "1/2-1/2"]
[WhiteCountry "ISR"]
[BlackCountry "INT"]
[WhiteElo "1765"]
[WhiteRD "73"]
[BlackElo "2019"]
[BlackRD "72"]
[GameID "711550"]

1. e4 f6 2. d4 e6 3. c4 f5 4. e5 a6 5. Nf3 b6 6. Nc3 Bb4 7. Bd2 Bxc3 8. Bxc3 Bb7 9. d5 a5 10. dxe6 dxe6
11. Qxd8+ Kxd8 12. Rd1+ Ke7 13. Be2 Na6 14. O-O Nh6 15. Ng5 Nf7 16. Nxf7 Kxf7 17. Rd7+ Kf8 18. Rfd1 Bc6 19. Rd8+ Ke7 20. R8d4 Rhd8
21. a3 Rxd4 22. Bxd4 Ba4 23. Rd3 Nc5 24. Rg3 Kf7 25. Bxc5 bxc5 26. b3 Bc6 27. f4 Rb8 28. h4 Be4 29. Bf3 Bc2 30. Bc6 Rxb3
31. Rxb3 Bxb3 32. Bb5 Bd1 33. Kf2 Bc2 34. g3 Be4 35. Ba4 h6 36. Bd1 Bc6=
1/2-1/2

[Event "OlliY Jubilee"]
[Site "SchemingMind.com"]
[Date "2021.05.18"]
[Round "-"]
[White "Erik Johnson"]
[Black "The Stonewall"]
[Result "0-1"]
[WhiteCountry "USA"]
[BlackCountry "ENG"]
[WhiteElo "1704"]
[WhiteRD "78"]
[BlackElo "2422"]
[BlackRD "73"]
[GameID "711600"]

1. e4 d5 2. exd5 Nf6 3. c4 c6 4. Nc3 cxd5 5. cxd5 Nxd5 6. Nf3 g6 7. Bb5+ Bd7 8. Bxd7+ Qxd7 9. Nxd5 Qxd5 10. O-O Bg7
11. Qa4+ Nc6 12. Qb3 Qxb3 13. axb3 a6 14. Ra4 Rd8 15. Re1 O-O 16. Rae4 e6 17. Ng5 Rd3 18. R1e3 Rd5 19. Rg3 Rc8 20. Rc4 h6
21. Nxe6 Re8 22. Re3 Rxe6 23. Rxe6 fxe6 24. g3 Rd3 25. b4 Bd4 26. Kg2 e5 27. Kf1 Kf7 28. Ke2 e4 29. h4 Rf3
0-1

[Event "OlliY Jubilee"]
[Site "SchemingMind.com"]
[Date "2021.05.17"]
[Round "-"]
[White "The Stonewall"]
[Black "Erik Johnson"]
[Result "1-0"]
[WhiteCountry "ENG"]
[BlackCountry "USA"]
[WhiteElo "2422"]
[WhiteRD "73"]
[BlackElo "1704"]
[BlackRD "78"]
[GameID "711601"]

1. d4 Nf6 2. c4 g6 3. Nc3 Bg7 4. e4 O-O 5. Nf3 d6 6. Be2 Nc6 7. Be3 e5 8. d5 Ne7 9. Nd2 c6 10. b4 cxd5
11. cxd5 a6 12. a4 Qd7 13. Nc4 Qc7 14. Bb6 Qb8 15. Be3 Qc7 16. Rc1 Qd8 17. Bb6 Qd7 18. Rc2 Nxe4 19. Nxe4 Qxa4 20. Ba5 Bf5
21. Nb6 Qe8 22. Nxd6 Qb8 23. Nxf5 Nxf5 24. Nxa8 Qxa8 25. O-O e4 26. d6 Bd4 27. g4
1-0

[Event "OlliY Jubilee"]
[Site "SchemingMind.com"]
[Date "2021.05.18"]
[Round "-"]
[White "malcolm chugg"]
[Black "Jari Laine"]
[Result "0-1"]
[WhiteCountry "WLS"]
[BlackCountry "FIN"]
[WhiteElo "1178"]
[WhiteRD "56"]
[BlackElo "2518"]
[BlackRD "77"]
[GameID "711768"]

1. e3 c5 2. Bb5 a6 3. Bc4 Nf6 4. Qf3 Nc6 5. c3 e6 6. Nh3 b5 7. d4 bxc4 8. Na3 cxd4 9. Nxc4 dxc3 10. bxc3 Qc7
11. Nd2 Bb7 12. Qg3 Qxg3 13. hxg3 Ne5 14. Bb2 Bxg2 15. Rh2 Bxh3 16. Rxh3 Nd3+ 17. Ke2 Nxb2 18. Rb1 Na4 19. Rb3 Nc5 20. Rb6 Nd5
21. Rb2 Nxc3+ 22. Kf3 f5 23. Rc2 N5e4 24. Nxe4 Nxe4 25. Rc7 Bd6 26. Rb7 Ng5+ 27. Kg2 Nxh3 28. Kxh3 Ke7 29. Rb2 Rab8 30. Re2 Rhc8
31. Kg2 Be5 32. f4 Rb2 33. Kf3 Rxe2 34. Kxe2 Bf6 35. Kf3 g5 36. a4 Rc3 37. a5 Bd4 38. Ke2 Rxe3+ 39. Kf2 Ra3+ 40. Kg2 g4
41. Kh2 Ra2+ 42. Kh1 Bf6 43. Kg1 Kd6 44. Kf1 Kd5 45. Ke1 Kd4 46. Kd1 Kd3 47. Ke1 Rd2 48. Kf1 Ke3 49. Ke1 d5 50. Kf1 Re2
51. Kg1 Rf2 52. Kh1 Kf3 53. Kg1 Kxg3 54. Kh1 Rf1#
0-1

[Event "OlliY Jubilee"]
[Site "SchemingMind.com"]
[Date "2021.05.18"]
[Round "-"]
[White "Jari Laine"]
[Black "malcolm chugg"]
[Result "1-0"]
[WhiteCountry "FIN"]
[BlackCountry "WLS"]
[WhiteElo "2518"]
[WhiteRD "77"]
[BlackElo "1178"]
[BlackRD "56"]
[GameID "711769"]

1. e4 b6 2. d4 Bb7 3. Bd3 c6 4. Nf3 d6 5. c4 Nd7 6. Nc3 e6 7. b3 Be7 8. Bb2 Nh6 9. Qe2 Qc7 10. d5 e5
11. dxc6 Bxc6 12. Nd5 Bxd5 13. exd5 Nc5 14. Bc2 O-O 15. Bc1 Ng4 16. O-O h6 17. h3 Nf6 18. Nh4 Rfb8 19. Nf5 h5 20. b4 Ncd7
21. Nxe7+ Kf8 22. Nf5 a5 23. b5 Nc5 24. Qe3 Nh7 25. Nxg7 Kxg7 26. Qh6+
1-0

[Event "OlliY Jubilee"]
[Site "SchemingMind.com"]
[Date "2021.06.14"]
[Round "-"]
[White "The Stonewall"]
[Black "David Connolly"]
[Result "1-0"]
[WhiteCountry "ENG"]
[BlackCountry "WLS"]
[WhiteElo "2417"]
[WhiteRD "73"]
[BlackElo "2037"]
[BlackRD "71"]
[GameID "712346"]

1. Nf3 d5 2. c4 d4 3. b4 f6 4. e3 e5 5. c5 a5 6. Qa4+ Bd7 7. b5 Bxc5 8. Bc4 Ne7 9. exd4 exd4 10. Ba3 b6
11. Bb2 Nf5 12. O-O
1-0

[Event "OlliY Jubilee"]
[Site "SchemingMind.com"]
[Date "2021.06.14"]
[Round "-"]
[White "David Connolly"]
[Black "The Stonewall"]
[Result "0-1"]
[WhiteCountry "WLS"]
[BlackCountry "ENG"]
[WhiteElo "2037"]
[WhiteRD "71"]
[BlackElo "2417"]
[BlackRD "73"]
[GameID "712347"]

1. d4 Nf6 2. c4 Nc6 3. Nf3 e6 4. Nc3 Bb4 5. Qc2 d6 6. Bd2 Qe7 7. e3 O-O 8. a3 Bxc3 9. Bxc3 e5 10. d5 Nb8
11. b4 a5 12. b5 Nbd7 13. Be2 Nc5 14. O-O Nfe4
0-1

[Event "OlliY Jubilee"]
[Site "SchemingMind.com"]
[Date "2021.06.11"]
[Round "-"]
[White "ramesse"]
[Black "Derek Price"]
[Result "0-1"]
[WhiteCountry "SVK"]
[BlackCountry "ENG"]
[WhiteElo "2301"]
[WhiteRD "72"]
[BlackElo "2376"]
[BlackRD "74"]
[GameID "712380"]

1. e4 c5 2. Nf3 d6 3. d4 cxd4 4. Nxd4 Nf6 5. Nc3 a6 6. Be3 e5 7. Nb3 Be7 8. f3 h5 9. Qd2 Be6 10. Be2 Nbd7
11. Nd5 Bxd5 12. exd5 Qc7 13. c4 a5 14. a4 h4 15. O-O Nh5 16. Bd3 g6 17. Rae1 O-O 18. Nc1 Nc5 19. Bc2 f5 20. Nd3 b6
21. Rb1 Bf6 22. Nf2 Na6 23. Kh1 Nb4 24. Nh3 Qxc4 25. Rfc1 Nxc2 26. b3 Qb4 27. Qxc2 e4 28. Qe2 Rac8 29. Rc6 Rfd8 30. Qd1 exf3
31. gxf3 Re8 32. Rbc1 Rxe3 33. Rxc8+ Kh7 34. Qg1 Re2 35. Ng5+ Bxg5 36. R1c7+ Ng7 37. Qxg5 Qe1+ 38. Qg1 h3 39. Rc1 Qd2 40. Qg3 g5
41. Qxh3+ Kg6 42. Rg1 Re1 43. Qg3 Rxg1+ 44. Qxg1 Qd3 45. Kg2 Qxb3 46. Rc6 Qxd5 47. Qxb6 Qd2+ 48. Qf2 Qd5 49. Rc2 Ne6 50. Qd2 Nf4+
51. Kf2 Qb3 52. Qxd6+ Kh5 53. Qc6 Nd3+ 54. Kg3 Ne5 55. Qe8+ Kh6 56. Qf8+ Kg6 57. Rf2 Qe3 58. Qd6+ Kf7 59. Qc7+ Kg6 60. Qd6+ Kf7
61. Qd2 f4+ 62. Kg2 g4 63. Qd5+ Kg6 64. fxg4 Kg5 65. Kf1 Qc1+ 66. Kg2 Qe3 67. Rf1 Qe2+ 68. Kg1 f3 69. Rf2 Qe1+ 70. Rf1 Qe2=
71. Qd8+ Kxg4 72. Qg8+ Kf5 73. Qh7+ Kg4 74. Qg7+ Kf5 75. Qg3 Qe3+ 76. Qf2 Qe4 77. Kh1 Qxa4 78. Rc1 Qb4 79. Qc2+ Kf4 80. Ra1 Kg5
81. Qc1+ Kf5 82. Qc8+ Kf4 83. Qd8 Kf5 84. Qxa5 Qe4 85. Qa8 Qe2 86. Qc8+ Kg5 87. Qg8+ Kf5 88. Qf8+ Ke4 89. Qb4+ Kf5 90. Qb1+ Kg5
91. Ra2 Qc4 92. Rb2 Qc6 93. Rb6 Qc3 94. Qd1 Kf5 95. Rb3 Qc6
0-1

[Event "OlliY Jubilee"]
[Site "SchemingMind.com"]
[Date "2021.06.11"]
[Round "-"]
[White "Derek Price"]
[Black "ramesse"]
[Result "1/2-1/2"]
[WhiteCountry "ENG"]
[BlackCountry "SVK"]
[WhiteElo "2235"]
[WhiteRD "68"]
[BlackElo "2540"]
[BlackRD "80"]
[GameID "712381"]

1. c4 e5 2. Nc3 Nf6 3. Nf3 Nc6 4. g3 d5 5. cxd5 Nxd5 6. Bg2 Nb6 7. O-O Be7 8. d3 O-O 9. Be3 Re8 10. d4 exd4
11. Nxd4 Nxd4 12. Bxd4 c6 13. Qd3 Be6 14. Rfd1 Qc7 15. Qc2 Rad8 16. b3 Nd5 17. Nxd5 Bxd5 18. Bxd5 Rxd5 19. Be3 Red8 20. Rxd5 Rxd5
21. Rd1=
1/2-1/2